LEADER 01359nam2 22003253i 450 001 FER0140493 005 20231121125502.0 020 $aIT$b726481 100 $a20070214d1971 ||||0itac50 ba 101 | $aita 102 $ait 181 1$6z01$ai $bxxxe 182 1$6z01$an 200 1 $a˜7: œEmilia-Romagna$fUmberto Toschi 205 $a2. ed. riveduta e aggiornata$fa cura Leandro Pedrini 210 $aTorino$cUnione tipografico-editrice torinese$dc1971 215 $aXIV, [8] carte di tav., 505 p.$cill.$d29 cm 300 $aCon una carta geografica e 8 tavole a colori fuori testo, 228 figure e 37 cartine geografiche nel testo. 461 1$1001GEA0018086$12001 $a˜Le œregioni d'Italia$fcollezione fondata da Roberto Almagià$gdiretta da Elio Migliorini$v7 700 1$aToschi$b, Umberto$3RAVV027382$4070$032939 790 0$aToschi$3SBNV006912$zToschi, Umberto 801 3$aIT$bIT-01$c20070214 850 $aIT-RM0460 $aIT-RM1164 899 $aBiblioteca Dell' Archivio Centrale Dello Stato$bRM0460 899 $aBiblioteca Luca Pacioli Dipartimento Ragioneria$bRM1164 912 $aFER0140493 950 2$aBiblioteca umanistica Giorgio Aprea$e 52MAG0000042542 $f 977 $a 27$a 40 996 $aEmilia-Romagna$9219821 997 $aUNICAS LEADER 01268nam 2200361z- 450 001 9910694402803321 005 20080808085444.0 035 $a(CKB)5470000001380555 035 $a(BIP)023629017 035 $a(EXLCZ)995470000001380555 100 $a20220308c2007uuuu -u- - 101 0 $aeng 200 10$aAviation safety $ecan NASA do more to protect the public? : hearings before the Committee on Science and Technology, House of Representatives, One Hundred Tenth Congress, first session, October 31, 2007 215 $a1 online resource (v, 404 p.) $cill 311 $a0-16-081270-4 517 $aAviation Safety 606 $aAeronautics$zUnited States$xSafety measures$xDatabases 606 $aAircraft accidents$zUnited States 606 $aDisclosure of information$zUnited States 610 $aUnited States 610 $aAeronautics 610 $aAircraft accidents 610 $aDisclosure of information 610 $aTechnology & engineering 610 $aTransportation 610 $aPolitical science 615 0$aAeronautics$xSafety measures$xDatabases. 615 0$aAircraft accidents 615 0$aDisclosure of information 906 $aBOOK 912 $a9910694402803321 996 $aAviation safety$92313029 997 $aUNINA